Manoraama Yearbook 1999 (Record no. 10285)

000 -LEADER
fixed length control field 00265nam a2200109Ia 4500
008 - FIXED-LENGTH DATA ELEMENTS--GENERAL INFORMATION
fixed length control field 201231s9999 xx 000 0 und d
100 ## - MAIN ENTRY--PERSONAL NAME
Personal name Malayala Manorama
245 #0 - TITLE STATEMENT
Title Manoraama Yearbook 1999
260 ## - PUBLICATION, DISTRIBUTION, ETC.
Place of publication, distribution, etc. Kottayam
Name of publisher, distributor, etc. Malayala Manorama
300 ## - PHYSICAL DESCRIPTION
Extent 800
942 ## - ADDED ENTRY ELEMENTS (KOHA)
Koha item type Books
Holdings
Withdrawn status Lost status Damaged status Not for loan Permanent Location Date acquired Full call number Barcode Date last seen Price effective from Koha item type
        IMU Kolkata 2020-12-31 032.0954 M2395 PM05889 2020-12-31 2020-12-31 Books
Designed and Maintained by IMU-KC Library, Kolkata Campus © Copyright All Rights Reserved

webs counters

Powered by Koha